000 00889nam2a22002531 4500
001 rc\118325
005 20250620194809.0
010 _a5-85306-002-3
_bУдм. ред.-изд. об-ние "Алфавит", Ижевск
035 _a(NLR Aleph) 005394974
090 _a7219403
_c7219403
100 _a20021216d1993 |||y0rusy50 ca
101 0 _arus
102 _aRU
105 _aa |||||||||
200 0 _aВып. 1
_f[Акмалов Р. и др.]
210 _d1993
_aБ. м.
215 _a207 с.
_cил.
461 0 _1001rc\118324
_12001#$aЛучшие игры для ZX-Spectrum$e[Сборник]$vВып. 1
_97219395
_cСПб.
_d1993-
_nСилекс
_o[Сборник]
_tЛучшие игры для ZX-Spectrum
_vВып. 1
701 1 _aАкмалов
_bР.
_gРенат
801 0 _aRU
_bNLR
_gpsbo
801 1 _aRU
_bELAR
_2rusmarc
852 _aNLR
_j93-3/2131
942 _cBOOK
980 _aNB